| 000 | 00637nam a22002297a 4500 | ||
|---|---|---|---|
| 999 |
_c40324 _d40324 |
||
| 005 | 20230712125810.0 | ||
| 010 | _aENG-99113 G-001741 ENG-137371 | ||
| 020 |
_a8189431285 _c125.00 |
||
| 035 | _aEN-82645 EN-120903 | ||
| 035 | _a G-001741 | ||
| 037 | _bDBAD/PUB | ||
| 037 | _bGift | ||
| 082 | _a881 | ||
| 100 | _aDev, Amal C. | ||
| 245 |
_aBye, bye, butterfly / _bby Amal C. Dev |
||
| 260 |
_aAjmer _bAtin Publications _c2010 |
||
| 270 |
_a59, Shastri Nagar _bAjmer |
||
| 300 |
_a101p. _c22cm (pbk) |
||
| 650 | _aEnglish Poetry | ||
| 942 |
_2ddc _cEN _h881 _mDEV |
||